<?xml version="1.0" encoding="UTF-8"?>
<marc:record xmlns:marc="http://www.loc.gov/MARC21/slim">
   <marc:leader>00000nam a2200000 a 4500</marc:leader>
   <marc:datafield ind1="1" ind2=" " tag="100">
      <marc:subfield code="a">Camilleri, Andrea</marc:subfield>
      <marc:subfield code="4">aut</marc:subfield>
      <marc:subfield code="e">Verfasser/-in</marc:subfield>
   </marc:datafield>
   <marc:datafield ind1="0" ind2="0" tag="245">
      <marc:subfield code="a">Der ehrliche Dieb</marc:subfield>
   </marc:datafield>
   <marc:datafield ind1="0" ind2="0" tag="245">
      <marc:subfield code="b">Commissario Montalbano hat ein Herz für kleine Sünder</marc:subfield>
   </marc:datafield>
   <marc:datafield ind1=" " ind2="1" tag="264">
      <marc:subfield code="b">Lübbe Audio</marc:subfield>
      <marc:subfield code="c">2015</marc:subfield>
   </marc:datafield>
   <marc:datafield ind1="1" ind2=" " tag="520">
      <marc:subfield code="a">In fünf neuen raffinierten Kriminalgeschichten schickt Andrea Camilleri seinen sizilianischen Helden Salvo Montalbano als jungen Commissario auf die Piste: Im Italien der Achzigerjahre ermittelt ein ungestümer Montalbano mutig und hochmotiviert und ist dabei einfühlsamer und romantischer denn je. Seien es Fälle um Eifersucht und Gier oder um mafiöse Machenschaften - seiner persönlichen Auffassung von einer gerechten Wahrheit bleibt Montalbano von Anfang an treu und beweist trotz unbestechlichen Blicks für das allerkleinste, noch so unwichtig erscheinende Detail viel Herz für die Nöte kleiner Sünder.</marc:subfield>
   </marc:datafield>
   <marc:datafield ind1=" " ind2=" " tag="020">
      <marc:subfield code="a">9783785751619</marc:subfield>
      <marc:subfield code="9">9783785751619</marc:subfield>
   </marc:datafield>
</marc:record>
